Linear algebra with applications / (Record no. 592290)

000 -LEADER
fixed length control field 01462cam a2200313 i 4500
001 - CONTROL NUMBER
control field 20330941
005 - DATE AND TIME OF LATEST TRANSACTION
control field 20221111102445.0
008 - FIXED-LENGTH DATA ELEMENTS--GENERAL INFORMATION
fixed length control field 180201s2019 nju 001 0 eng
010 ## - LIBRARY OF CONGRESS CONTROL NUMBER
LC control number 2018000580
020 ## - INTERNATIONAL STANDARD BOOK NUMBER
International Standard Book Number 9780135162972 (paperback)
020 ## - INTERNATIONAL STANDARD BOOK NUMBER
International Standard Book Number 0135162971 (paperback)
040 ## - CATALOGING SOURCE
Original cataloging agency DLC
Language of cataloging eng
Transcribing agency DLC
Description conventions rda
Modifying agency DLC
042 ## - AUTHENTICATION CODE
Authentication code pcc
050 00 - LIBRARY OF CONGRESS CALL NUMBER
Classification number QA184.2
Item number .B73 2019
082 00 - DEWEY DECIMAL CLASSIFICATION NUMBER
Classification number 512.5,BRE
Edition number 23
100 1# - MAIN ENTRY--PERSONAL NAME
Personal name Bretscher, Otto,
Relator term author.
9 (RLIN) 60940
245 10 - TITLE STATEMENT
Title Linear algebra with applications /
Statement of responsibility, etc. Otto Bretscher
250 ## - EDITION STATEMENT
Edition statement Fifth edition [2019 edition].
264 #1 - PRODUCTION, PUBLICATION, DISTRIBUTION, MANUFACTURE, AND COPYRIGHT NOTICE
Place of production, publication, distribution, manufacture Upper Saddle River, New Jersey :
Name of producer, publisher, distributor, manufacturer Pearson Education, Inc.,
Date of production, publication, distribution, manufacture, or copyright notice 2019.
300 ## - PHYSICAL DESCRIPTION
Extent xv, 508 pages :
Other physical details illustrations ;
Dimensions 26 cm
336 ## - CONTENT TYPE
Content type term text
Content type code txt
Source rdacontent
337 ## - MEDIA TYPE
Media type term unmediated
Media type code n
Source rdamedia
338 ## - CARRIER TYPE
Carrier type term volume
Carrier type code nc
Source rdacarrier
505 0# - FORMATTED CONTENTS NOTE
Formatted contents note Linear equations (Page-1), Linear transformations (Page-41), Subspaces of Rn and their dimensions (Page-110), Linear spaces (Page-166), Orthogonality and least squares (Page-202), Determinants (Page-265), Eigenvalues and eigenvectors (Page-310), Symmetric matrices and quadratic forms (Page-358), Linear differential equations (Page-415).
650 #0 - SUBJECT ADDED ENTRY--TOPICAL TERM
Topical term or geographic name entry element Algebras, Linear
Form subdivision Textbooks.
9 (RLIN) 4602
906 ## - LOCAL DATA ELEMENT F, LDF (RLIN)
a 7
b cbc
c orignew
d 1
e ecip
f 20
g y-gencatlg
942 ## - ADDED ENTRY ELEMENTS (KOHA)
Source of classification or shelving scheme
Koha item type Book
Call number prefix 512.5,BRE
Holdings
Withdrawn status Lost status Source of classification or shelving scheme Damaged status Not for loan Permanent Location Current Location Shelving location Date acquired Total Checkouts Full call number Barcode Date last seen Date last checked out Price effective from Koha item type Public note
          Military College of Signals (MCS) Military College of Signals (MCS) General Stacks 11/11/2022 2 512.5,BRE MCS38074 04/02/2024 03/19/2024 11/11/2022 Book Almirah No.11, Shelf No.2
© 2023 Central Library, National University of Sciences and Technology. All Rights Reserved.